00273nam a2200109Ia 4500008004100000100001200041245002700053250001200080260005000092300000800142650001300150190216s9999||||xx |||||||||||||| ||und|| aA.Vinod 0aInter National Finance a1st Ed. bCalicut University Central Co-Operativec2006 a286 aCommerce